Gender, song, and sensibility (Record no. 158016)
[ view plain ]
| 000 -LEADER | |
|---|---|
| fixed length control field | 01420nam a22003494a 4500 |
| 082 04 - DEWEY DECIMAL CLASSIFICATION NUMBER | |
| Classification number | 306/.09953 |
| 100 1# - MAIN ENTRY--AUTHOR NAME | |
| Personal name | Stewart, Pamela J. |
| 245 10 - TITLE STATEMENT | |
| Title | Gender, song, and sensibility |
| 260 ## - PUBLICATION, DISTRIBUTION, ETC. (IMPRINT) | |
| Place of publication | Westport, Conn. : |
| Name of publisher | Praeger, |
| Year of publication | 2002. |
| 300 ## - PHYSICAL DESCRIPTION | |
| Number of Pages | x, 235 p. : |
| Other physical details | ill. |
| 650 #0 - SUBJECT ADDED ENTRY--TOPICAL TERM | |
| Topical Term | Ethnology |
| Topical Term | Man-woman relationships |
| Topical Term | Tales |
| Topical Term | Folk songs |
| 700 1# - ADDED ENTRY--PERSONAL NAME | |
| Personal name | Strathern, Andrew. |
| 856 40 - ELECTRONIC LOCATION AND ACCESS | |
| Uniform Resource Identifier | http://site.ebrary.com/lib/rucke/Doc?id=10040743 |
No items available.
